[Event "Washington Open--Booster Two Day"]
[Site "Lynnwood, WA"]
[Date "2017.05.28"]
[Round "3"]
[White "Chen  (WA), Aidan"]
[Black "Bhoot  (WA), Nilay"]
[Result "1/2-1/2"]
[WhiteElo "988"]
[BlackElo "821"]
[PlyCount "47"]
[EventDate "2017.06.02"]
[SourceDate "2017.06.25"]
[SourceVersionDate "2017.06.25"]

1. e4 c5 2. Nf3 Nc6 3. Bb5 g6 4. Nc3 Bg7 5. O-O Nf6 6. d3 O-O 7. Be3 d6 8. Qd2
Bd7 9. Bh6 a6 10. Bxc6 Bxc6 11. Bxg7 Kxg7 12. e5 Nd5 13. Rfe1 f6 14. Nxd5 Bxd5
15. e6 Qc8 16. d4 f5 17. dxc5 Qxc5 18. Qd4+ Qxd4 19. Nxd4 Rf6 20. f3 Rc8 21. c3
Rc4 22. Kf2 b5 23. a3 a5 24. Rad1 1/2-1/2

[Event "Washington Open--Booster Two Day"]
[Site "Lynnwood, WA"]
[Date "2017.05.28"]
[Round "3"]
[White "Huang  (WA), Emily"]
[Black "KAris  (WA), Dirk"]
[Result "0-1"]
[WhiteElo "483"]
[BlackElo "981"]
[Annotator "Murlin"]
[PlyCount "54"]
[EventDate "2017.06.02"]
[SourceDate "2017.06.25"]
[SourceVersionDate "2017.06.25"]

1. e4 e5 2. Nf3 Nc6 3. Bc4 Nf6 4. d3 d5 5. Bb3 dxe4 6. Nfd2 Bg4 7. f3 exf3 8.
gxf3 Bh5 9. Nc4 Bd6 10. Nc3 Nd4 11. Be3 Bxf3 12. Qd2 Nxb3 13. cxb3 Bxh1 14. Na5
Bb4 15. Nc4 e4 16. O-O-O Bf3 17. Re1 Qxd3 18. Qxd3 exd3 19. Bc5+ Kd7 20. Bxb4
Rhe8 21. Rd1 Bxd1 22. Kxd1 Rad8 23. Kd2 Kc8 24. Ne3 Ne4+ 25. Kd1 Nxc3+ 26. bxc3
Rxe3 27. Kd2 Rh3 {time} 0-1

[Event "Washington Open--Booster Two Day"]
[Site "Lynnwood, WA"]
[Date "2017.05.28"]
[Round "3"]
[White "Lebedinsky  (WA), Andrew"]
[Black "Pai  (WA), Ajay"]
[Result "1-0"]
[WhiteElo "1230"]
[BlackElo "550"]
[PlyCount "55"]
[EventDate "2017.06.02"]
[SourceDate "2017.06.25"]
[SourceVersionDate "2017.06.25"]

1. e4 e5 2. Nf3 Nc6 3. Bb5 a6 4. Ba4 b5 5. Bb3 Bc5 6. d3 d6 7. Nc3 Bg4 8. h3
Bh5 9. g4 Bg6 10. h4 h6 11. h5 Bh7 12. Be3 Bb4 13. Bd2 Nf6 14. Nh4 Bxc3 15.
Bxc3 d5 16. Qf3 dxe4 17. Qe3 b4 18. Ba4 Qd5 19. Bxc6+ Qxc6 20. Bxe5 O-O 21.
Bxf6 Qxf6 22. O-O-O exd3 23. cxd3 Qc6+ 24. Kb1 Qc4 25. Rhg1 Rad8 26. Nf5 Bxf5
27. gxf5 Qc5 28. Qxc5 1-0

[Event "Washington Open--Booster Two Day"]
[Site "Lynnwood, WA"]
[Date "2017.05.28"]
[Round "3"]
[White "Brown  (WA), Northern"]
[Black "Nichols  (WA), Paul"]
[Result "1-0"]
[WhiteElo "1312"]
[BlackElo "741"]
[Annotator "Murlin"]
[PlyCount "55"]
[EventDate "2017.06.02"]
[SourceDate "2017.06.25"]
[SourceVersionDate "2017.06.25"]

1. Nf3 d5 2. g3 Nf6 3. Bg2 g6 4. d3 Bg7 5. O-O c5 6. Nbd2 O-O 7. c4 d4 8. a3
Nc6 9. Rb1 b6 10. b4 Qd6 11. b5 Nd8 12. Nxd4 Nb7 13. Nc6 e5 14. Bb2 Nd7 15. Bd5
Nb8 16. Ne4 Qc7 17. Nc3 Nxc6 18. bxc6 Na5 19. Nb5 Qe7 20. Bc3 Be6 21. Bxa5 bxa5
22. Qa4 a6 23. Nc3 Rfd8 24. c7 Rxd5 25. cxd5 Bd7 26. Qxa5 Rc8 27. Rb8 e4 28.
Qxa6 {The remaining moves don't seem to work as written. It indicates that the
games ends with White moving Ne7#, but I can't use the other moves and
actually get there.} 1-0

[Event "Washington Open--Reserve Two Day"]
[Site "Lynnwood, WA"]
[Date "2017.05.28"]
[Round "3"]
[White "Charleston  (WA), Scott"]
[Black "Roberts  (WA), Theodore"]
[Result "1-0"]
[WhiteElo "1518"]
[BlackElo "1654"]
[Annotator "Murlin"]
[PlyCount "61"]
[EventDate "2017.06.02"]
[SourceDate "2017.06.26"]
[SourceVersionDate "2017.06.26"]

1. c4 e6 2. Nc3 Nf6 3. g3 d5 4. cxd5 exd5 5. Bg2 c6 6. d3 Bd6 7. Nf3 O-O 8. O-O
Bg4 9. Qb3 Qc7 10. e4 dxe4 11. dxe4 Nbd7 12. Be3 Rfe8 13. Nd2 h5 14. Rac1 Qb8
15. Bg5 Nc5 16. Qc2 Nh7 17. Be3 h4 18. Nc4 hxg3 19. fxg3 Nf6 20. Nxd6 Qxd6 21.
Bf4 Qd4+ 22. Qf2 Qxf2+ 23. Rxf2 Ncxe4 24. Nxe4 Nxe4 25. Rfc2 Rad8 26. Rc4 Nd2
27. Rb4 Bf3 28. Rxb7 Bxg2 29. Kxg2 {The last few recorded moves seem not to
work. The next one looks like hxg2+, which really can't work, and there only
appears to be a check to offer using the rook on e8. Here's where it goes if
we assume the check.} Re2+ 30. Kh3 Nf3 31. g4 {And here it ends with White
winning, for undisclosed reasons.} 1-0

[Event "Washington Open--Open Two Day"]
[Site "Lynnwood, WA"]
[Date "2017.05.28"]
[Round "3"]
[White "Nassif  (WA), Aba"]
[Black "Campbell  (WA), Tim"]
[Result "1-0"]
[WhiteElo "2005"]
[BlackElo "1780"]
[PlyCount "68"]
[EventDate "2017.06.02"]
[SourceDate "2017.06.26"]
[SourceVersionDate "2017.06.26"]

1. c4 c5 2. Nf3 Nf6 3. g3 g6 4. Bg2 Bg7 5. O-O O-O 6. Nc3 Nc6 7. Rb1 Rb8 8. a3
e6 9. d4 cxd4 10. Nxd4 d5 11. Bf4 Ra8 12. Ndb5 e5 13. cxd5 Nxd5 14. Nxd5 exf4
15. Nxf4 Qa5 16. Nd6 Rd8 17. Bd5 Rxd6 18. Bxf7+ Kxf7 19. Qxd6 Bf5 20. b4 Qe5
21. Rbd1 Nd4 22. Qxe5 Bxe5 23. Rfe1 Nc2 24. Rf1 Bxf4 25. gxf4 Bh3 26. Rd2 Bxf1
27. Rxc2 Bh3 28. Rc7+ Kg8 29. Rxb7 Re8 30. e3 Rd8 31. f3 Rd3 32. Kf2 Rxa3 33.
e4 Be6 34. h4 a6 1-0

[Event "Washington Open--Reserve Two Day"]
[Site "Lynnwood, WA"]
[Date "2017.05.28"]
[Round "3"]
[White "Yan  (WA), Jeffrey"]
[Black "Elisara  (WA), Travis"]
[Result "1-0"]
[WhiteElo "1776"]
[BlackElo "1746"]
[PlyCount "71"]
[EventDate "2017.06.02"]
[SourceDate "2017.06.27"]
[SourceVersionDate "2017.06.27"]

1. e4 c5 2. Nc3 g6 3. f4 Bg7 4. Nf3 Nc6 5. Bb5 e6 6. O-O Nge7 7. Re1 O-O 8. d3
a6 9. Bxc6 Nxc6 10. e5 d6 11. exd6 Qxd6 12. Ne4 Qe7 13. Be3 b6 14. c3 Bb7 15.
Qe2 Rfd8 16. Rad1 Rac8 17. Bf2 a5 18. Bh4 f6 19. Ned2 Rd6 20. Nc4 Nd8 21. Nxd6
Qxd6 22. Bg3 Qc6 23. d4 Bh6 24. dxc5 bxc5 25. Nd2 Qa4 26. Qc4 Qc6 27. Ne4 Bg7
28. Rd6 Qc7 29. Rxe6 Nxe6 30. Qxe6+ Kh8 31. Nxf6 Bc6 32. f5 Qb7 33. fxg6 Bxg2
34. gxh7 Bxf6 35. Qxf6+ Kxh7 36. Re7+ 1-0

[Event "Washington Open--Open Two Day"]
[Site "Lynnwood, WA"]
[Date "2017.05.28"]
[Round "3"]
[White "Airapetian  (WA), Chouchanik"]
[Black "Orlov  (WA), Georgi"]
[Result "0-1"]
[WhiteElo "2025"]
[BlackElo "2528"]
[PlyCount "86"]
[EventDate "2017.06.02"]
[SourceDate "2017.06.27"]
[SourceVersionDate "2017.06.27"]

1. e4 c5 2. Nf3 e6 3. d4 cxd4 4. Nxd4 a6 5. c4 Nf6 6. Nc3 Qc7 7. Be2 Bb4 8. Qd3
d6 9. Bg5 Nbd7 10. Bxf6 Nxf6 11. Rc1 O-O 12. O-O Bd7 13. a3 Bc5 14. b4 Ba7 15.
Rfd1 Rac8 16. Nb3 Bb8 17. Qg3 Bc6 18. Qh4 Qe7 19. Na5 Be8 20. e5 dxe5 21. Ne4
b6 22. Bd3 h6 23. Nb3 Ba4 24. Rb1 Rfd8 25. c5 bxc5 26. bxc5 Bxb3 27. Rxb3 Nd5
28. Qxe7 Nxe7 29. Rdb1 Bc7 30. Bxa6 Ra8 31. Bb7 Ra4 32. f3 f5 33. Nf2 Kf7 34.
Rc1 Rad4 35. Rcc3 Nd5 36. Bxd5 R4xd5 37. Rb7 Rc8 38. Nd3 Kf6 39. Nb4 Rd1+ 40.
Kf2 Rd2+ 41. Kf1 e4 42. fxe4 fxe4 43. Re3 Bxh2 0-1

[Event "Washington Open--Reserve Two Day"]
[Site "Lynnwood, WA"]
[Date "2017.05.28"]
[Round "3"]
[White "Oliver (WA), George"]
[Black "Szeto  (WA), Sophie"]
[Result "0-1"]
[WhiteElo "1536"]
[BlackElo "1320"]
[PlyCount "95"]
[EventDate "2017.06.02"]
[SourceDate "2017.06.27"]
[SourceVersionDate "2017.06.27"]

1. d4 d5 2. Nf3 Nf6 3. Bf4 Bf5 4. e3 c6 5. Nc3 e6 6. Bd3 Bg6 7. Bg5 Be7 8. Ne5
Bh5 9. Be2 Bg6 10. Nxg6 fxg6 11. Qd3 O-O 12. O-O-O Na6 13. Kb1 Nb4 14. Qd2 Rc8
15. Bf3 c5 16. e4 dxe4 17. Bxf6 exf3 18. Bxe7 Qxe7 19. d5 fxg2 20. Rhe1 Rcd8
21. f4 Qd6 22. Qxg2 exd5 23. a3 Nc6 24. Rxd5 Qxf4 25. Rxc5 Rd2 26. Qg3 Rxh2 27.
Qxf4 Rxf4 28. Nb5 Rf7 29. Nd6 Rff2 30. Nxb7 Nd4 31. Rc8+ Rf8 32. Rxf8+ Kxf8 33.
c4 g5 34. Nd6 g6 35. Ne4 g4 36. c5 Rg2 37. b4 h5 38. b5 Nxb5 39. c6 Nc7 40. Ng5
Rf2 41. Ne6+ Nxe6 42. Rxe6 Rf7 43. Rxg6 Rc7 44. Rg5 Rxc6 45. Rxh5 Rg6 46. Rf5+
Ke7 47. Kc2 Ke6 48. Rf1 0-1

[Event "Washington Open--Booster Two Day"]
[Site "Lynnwood, WA"]
[Date "2017.05.28"]
[Round "3"]
[White "Fobian  (WA), Christian"]
[Black "Ewig  (WA), Sarah"]
[Result "0-1"]
[WhiteElo "464"]
[BlackElo "1060"]
[Annotator "Murlin"]
[PlyCount "88"]
[EventDate "2017.06.02"]
[SourceDate "2017.06.27"]
[SourceVersionDate "2017.06.27"]

1. c4 e6 2. Nc3 d5 3. d3 Nf6 4. g3 Bd6 5. Nf3 O-O 6. Bg2 c6 7. a3 e5 8. O-O d4
9. Ne4 Nxe4 10. dxe4 c5 11. e3 Bg4 12. Bd2 Nd7 13. b4 b6 14. Qb3 Qf6 15. Ne1 h6
16. f3 Be6 17. f4 Qe7 18. f5 b5 19. fxe6 Qxe6 20. Rc1 f5 21. Bh3 bxc4 22. Rxc4
Nb6 23. exf5 Qxc4 24. Qb1 Rf7 25. e4 Qe2 26. Nf3 Rf6 27. Qb3+ Qc4 28. Qb1 d3
29. Rc1 Qxe4 30. bxc5 Qxf3 31. Bg2 Qe2 32. Bxa8 Qxd2 33. cxb6 Qe3+ 34. Kg2 Bc5
35. Rxc5 Qxc5 36. b7 Qc6+ 37. Kf1 Qh1+ 38. Kf2 Qxb1 39. Ke3 Rb6 40. b8=Q+ Rxb8
41. Bd5+ Kf8 42. Be4 Rb3 43. f6 d2+ 44. Kxd2 Qxe4 {...and Black mates the
White King on a5 some moves later. Which moves exactly are obscured by
notation errors and missing moves.} 0-1

[Event "Washington Open--Open Section"]
[Site "Lynnwood, WA"]
[Date "2017.05.28"]
[Round "3"]
[White "Roring  (OR), Tres"]
[Black "Velea  (WA), Anne-Marie"]
[Result "1-0"]
[WhiteElo "2076"]
[BlackElo "1768"]
[PlyCount "63"]
[EventDate "2017.06.02"]
[SourceDate "2017.06.27"]
[SourceVersionDate "2017.06.27"]

1. Nf3 d5 2. e3 Nf6 3. b3 Bf5 4. Bb2 e6 5. d4 Bd6 6. Bd3 Bg6 7. O-O O-O 8. Bxg6
hxg6 9. Nbd2 Nbd7 10. Ne5 c5 11. f4 Ne4 12. Nxe4 Bxe5 13. fxe5 dxe4 14. Qg4
cxd4 15. exd4 Rc8 16. Qxe4 b5 17. Ba3 Re8 18. Rf2 Rc7 19. Bd6 Rc8 20. Raf1 f5
21. exf6 Nxf6 22. Rxf6 Qxd6 23. Rxg6 Qc6 24. Rxg7+ Kxg7 25. Qg4+ Kh8 26. Qh5+
Kg8 27. Qg6+ Kh8 28. Qh5+ Kg8 29. Qf7+ Kh8 30. Rf6 Qxc2 31. Rh6+ Qh7 32. Rxh7#
1-0

[Event "Washington Open--Booster Section"]
[Site "Lynnwood, WA"]
[Date "2017.05.28"]
[Round "3"]
[White "Rodgers  (WA), Tommy"]
[Black "Keyser  (WA), Harrison"]
[Result "0-1"]
[WhiteElo "749"]
[BlackElo "1159"]
[PlyCount "70"]
[EventDate "2017.06.02"]
[SourceDate "2017.06.27"]
[SourceVersionDate "2017.06.27"]

1. e4 e5 2. Nf3 Nc6 3. Bc4 Bc5 4. c3 d6 5. O-O Bg4 6. d3 h6 7. Nbd2 Na5 8.
Bxf7+ Kxf7 9. b4 Bxb4 10. cxb4 Nc6 11. b5 Nd4 12. Nxe5+ dxe5 13. Qxg4 Nf6 14.
Qd1 a6 15. Nc4 Re8 16. bxa6 Rxa6 17. Bb2 c5 18. Bxd4 cxd4 19. Qb3 Kf8 20. Qxb7
Qa8 21. Qb4+ Kg8 22. Qd2 Rc6 23. Rac1 Nd7 24. f4 Re7 25. Qb4 Rf7 26. Nxe5 Nxe5
27. fxe5 Rxc1 28. Rxc1 Qxa2 29. Qxd4 Qd2 30. Ra1 Kh7 31. h3 Qg5 32. Rf1 Re7 33.
Rf5 Qg3 34. Qd5 Rc7 35. Rf1 Rc2 0-1

[Event "Washington Open--Open Section"]
[Site "Lynnwood, WA"]
[Date "2017.05.28"]
[Round "3"]
[White "Bishop  (WA), Alan"]
[Black "Xie  (WA), Luke"]
[Result "1/2-1/2"]
[WhiteElo "2038"]
[BlackElo "2204"]
[PlyCount "71"]
[EventDate "2017.06.02"]
[SourceDate "2017.06.27"]
[SourceVersionDate "2017.06.27"]

1. e4 c5 2. Nf3 d6 3. d4 cxd4 4. Nxd4 Nf6 5. Nc3 a6 6. f3 e5 7. Nb3 Be6 8. Be3
Be7 9. Qd2 h5 10. O-O-O Nbd7 11. g3 b5 12. Nd5 Bxd5 13. exd5 Rc8 14. Bh3 Qc7
15. Kb1 Bd8 16. Rhe1 O-O 17. Bg5 Rb8 18. f4 b4 19. Qe2 a5 20. fxe5 Nxe5 21. Nd4
a4 22. Nb5 Rxb5 23. Qxb5 a3 24. Bf4 Nc4 25. Qc6 Nxb2 26. Bxd6 Qxc6 27. dxc6
Nxd1 28. Rxd1 Ne4 29. Bxb4 Re8 30. Bg2 Re5 31. c3 Nf2 32. Rd2 Ne4 33. Rd1 Nf2
34. Rd2 Ne4 35. Rc2 Nf6 36. Rd2 1/2-1/2

[Event "Washington Open--Open Section"]
[Site "Lynnwood, WA"]
[Date "2017.05.28"]
[Round "3"]
[White "Yu  (WA), Jason"]
[Black "Bravo  (WA), Angelo"]
[Result "1-0"]
[WhiteElo "1994"]
[BlackElo "1600"]
[Annotator "Murlin"]
[PlyCount "60"]
[EventDate "2017.06.02"]
[SourceDate "2017.06.28"]
[SourceVersionDate "2017.06.28"]

1. e4 c6 2. d4 d6 3. c4 g6 4. Nc3 Bg7 5. Be3 Nd7 6. f3 Qc7 7. Qd2 a5 8. Bd3 a4
9. O-O-O e5 10. d5 Nc5 11. Bc2 a3 12. dxc6 axb2+ 13. Kb1 bxc6 14. Qxd6 Ne6 15.
Qxc7 Nxc7 16. Kxb2 Ne7 17. Nge2 O-O 18. Bb3 Ne6 19. Na4 f5 20. g4 Rb8 21. Nb6
Kh8 22. Nxc8 Nxc8 23. Kc2 Nc7 24. Nc3 Na6 25. a3 fxg4 {Move 25 is recorded as
PxP. Since there are two ways to read that, I had to choose, at least until a
following move made it clear. Since both myself and Fritz preferred fxg4, I
went with that.} 26. fxg4 Na7 27. Rd7 Nb5 28. cxb5 cxb5 29. Kb2 Rbc8 30. Rc1
Nc7 {At this point, as so often happens, the score falls apart. White's next
move is recorded as 31. c4. Since the c pawns have been gone for a while, this
is puzzling. Other moves are missing entirely, making impossible to
extrapolate further.} 1-0

[Event "Washington Open--Open Section"]
[Site "Lynnwood, WA"]
[Date "2017.05.28"]
[Round "3"]
[White "Vijayakumar  (WA), Advaith"]
[Black "Chen  (WA), Minda"]
[Result "0-1"]
[WhiteElo "1784"]
[BlackElo "1747"]
[PlyCount "72"]
[EventDate "2017.06.02"]
[SourceDate "2017.06.28"]
[SourceVersionDate "2017.06.28"]

1. d4 d5 2. c4 e6 3. Nc3 Nf6 4. cxd5 exd5 5. Bg5 Be7 6. e3 Bf5 7. Qb3 Nbd7 8.
Nxd5 Nxd5 9. Qxd5 Bb4+ 10. Kd1 Qxg5 11. Qxb7 Rb8 12. Qxc7 O-O 13. Nf3 Qg6 14.
Rc1 Nb6 15. Ne5 Qh5+ 16. Be2 Qh6 17. Rc6 Be6 18. Bg4 Rbc8 19. Qb7 Rxc6 20. Nxc6
Bxg4+ 21. f3 Qxe3 22. Nxb4 Qxd4+ 23. Kc1 Rc8+ 24. Nc6 Qc5+ 25. Kb1 Bf5+ 26. Ka1
Rxc6 27. Qb8+ Rc8 28. Qf4 Be6 29. Rb1 Nd5 30. Qd2 Nb4 31. Rd1 h6 32. a3 Qc4 33.
b3 Nc2+ 34. Kb2 Qxb3+ 35. Kc1 Nxa3+ 36. Qc3 Qxc3# 0-1

[Event "Washington Open--Booster Section"]
[Site "Lynnwood, WA"]
[Date "2017.05.28"]
[Round "3"]
[White "Weller  (WA), Stephen"]
[Black "Ryan  (WA), Stephen"]
[Result "0-1"]
[WhiteElo "1138"]
[BlackElo "1288"]
[PlyCount "62"]
[EventDate "2017.06.02"]
[SourceDate "2017.06.28"]
[SourceVersionDate "2017.06.28"]

1. f4 b6 2. b3 Bb7 3. Bb2 e6 4. e3 Qh4+ 5. Ke2 Ba6+ 6. d3 Nf6 7. Nf3 Qh5 8.
Nbd2 Bc5 9. c4 Nc6 10. a3 b5 11. b4 Be7 12. c5 d6 13. cxd6 cxd6 14. Rc1 Bb7 15.
Nb3 O-O 16. Na5 Nxa5 17. bxa5 Rac8 18. Qd2 Rxc1 19. Bxc1 Rd8 20. Bb2 e5 21.
fxe5 dxe5 22. Bxe5 Bxf3+ 23. gxf3 Qxe5 24. d4 Qe6 25. Kf2 Qf5 26. Bd3 Qh5 27.
a6 g6 28. Qa5 b4 29. Qc7 Rd7 30. Qc8+ Kg7 31. Bb5 Qxb5 0-1

[Event "Washington Open--Reserve Section"]
[Site "Lynnwood, WA"]
[Date "2017.05.28"]
[Round "3"]
[White "Menkov  (WA), Artjam"]
[Black "Kobin  (WA), Asher"]
[Result "1-0"]
[WhiteElo "1613"]
[BlackElo "1268"]
[PlyCount "85"]
[EventDate "2017.06.02"]
[SourceDate "2017.06.28"]
[SourceVersionDate "2017.06.28"]

1. e4 c5 2. Nf3 d6 3. d4 cxd4 4. Nxd4 Nf6 5. Nc3 a6 6. Nb3 Nc6 7. Bg5 Bd7 8.
Qd2 e6 9. O-O-O Be7 10. Bxf6 gxf6 11. f4 Qc7 12. Be2 b5 13. Qe3 b4 14. Nb1 e5
15. f5 h5 16. N1d2 Bf8 17. Kb1 a5 18. Nf3 Nd8 19. Qd3 Nb7 20. Qd5 Rc8 21. Ne1
Qc6 22. Nxa5 Qxd5 23. Rxd5 Nc5 24. Bf3 Ra8 25. Nc4 Ra6 26. Rd1 Bb5 27. Ne3 Kd7
28. Nd5 b3 29. Nxf6+ Ke7 30. Nd5+ Kd7 31. cxb3 h4 32. Nc3 Bc6 33. Nd3 Nxd3 34.
Rxd3 Be7 35. Rhd1 Rc8 36. f6 Bf8 37. Bg4+ Kc7 38. Bxc8 Kxc8 39. Nd5 Kd7 40. Rh3
Bh6 41. Rxh4 Bg5 42. Rh7 Ke6 43. Nc7+ 1-0

[Event "Washington Open--Open Section"]
[Site "Lynnwood, WA"]
[Date "2017.05.28"]
[Round "3"]
[White "Ramasamy  (WA), Vikram"]
[Black "Feng  (WA), Roland"]
[Result "0-1"]
[WhiteElo "2184"]
[BlackElo "2465"]
[PlyCount "84"]
[EventDate "2017.06.02"]
[SourceDate "2017.06.28"]
[SourceVersionDate "2017.06.28"]

1. e4 e6 2. d4 d5 3. Nd2 c5 4. Ngf3 Nf6 5. exd5 Qxd5 6. Bc4 Qd6 7. dxc5 Qxc5 8.
Qe2 Nbd7 9. O-O Bd6 10. Nb3 Qh5 11. Re1 O-O 12. Bd2 e5 13. h3 e4 14. Nfd4 Qg6
15. Nb5 Bb8 16. Bb4 a6 17. Nd6 b5 18. Bxf7+ Rxf7 19. Nxc8 Nd5 20. Qd2 Nf4 21.
f3 Bc7 22. Ne7+ Rxe7 23. Bxe7 Bb6+ 24. Kf1 e3 25. Rxe3 Bxe3 26. Qxe3 Qxg2+ 27.
Ke1 Re8 28. Rd1 Qxc2 29. Rd2 Qf5 30. Nd4 Qf7 31. Nc6 Nd5 32. Qb3 Qe6+ 33. Kf2
N7b6 34. Rc2 Nc4 35. Rxc4 bxc4 36. Qxc4 Rc8 37. Bd6 Kh8 38. Qxa6 Nb6 39. Ne5
Rc2+ 40. Ke3 Rc6 41. Qb7 Rxd6 42. Qb8+ Nc8 0-1

[Event "Washington Open--Open Section"]
[Site "Lynnwood, WA"]
[Date "2017.05.28"]
[Round "3"]
[White "Pupols  (WA), Viktors"]
[Black "Zhang  (OR), Gavin"]
[Result "1-0"]
[WhiteElo "2200"]
[BlackElo "1928"]
[PlyCount "87"]
[EventDate "2017.06.02"]
[SourceDate "2017.06.28"]
[SourceVersionDate "2017.06.28"]

1. c4 c5 2. Nc3 Nc6 3. Nf3 g6 4. d4 cxd4 5. Nxd4 Bg7 6. Nc2 Nf6 7. g3 d6 8. Bg2
Be6 9. b3 Ne4 10. Nxe4 Bxa1 11. Nxa1 Rc8 12. O-O Qd7 13. Bb2 Rg8 14. Ng5 h6 15.
Nxe6 Qxe6 16. Nc2 a6 17. Nd4 Nxd4 18. Bxd4 b5 19. Bb7 Rb8 20. Bxa6 bxc4 21.
Bxc4 d5 22. Bd3 Qd6 23. Bb2 f6 24. e4 Rd8 25. Bb5+ Kf8 26. exd5 Kg7 27. Qe2 Ra8
28. a4 Rgd8 29. Bc4 h5 30. Re1 Ra7 31. Qe3 Rb7 32. Bc1 Rh8 33. h4 Rh7 34. Bb2
Rc7 35. Bc3 Kf8 36. a5 Kg7 37. Qd2 Qd8 38. a6 Rc8 39. Re6 Kf8 40. Bb4 Ra8 41.
Rxf6+ Kg7 42. Re6 Ra7 43. Qd4+ Kg8 44. Qxa7 1-0

[Event "Washington Open--Reserve Section"]
[Site "Lynnwood, WA"]
[Date "2017.05.28"]
[Round "3"]
[White "Rajesh  (WA), Anirudh"]
[Black "Su  (CAN), Ethan"]
[Result "1-0"]
[WhiteElo "1483"]
[BlackElo "1357"]
[Annotator "Murlin"]
[PlyCount "75"]
[EventDate "2017.06.02"]
[SourceDate "2017.06.28"]
[SourceVersionDate "2017.06.28"]

1. d4 Nf6 2. c4 g6 3. Nc3 Bg7 4. Nf3 O-O 5. Qc2 d5 6. Bg5 dxc4 7. e3 Bf5 8. Qd1
Nc6 9. Bxc4 h6 10. Bh4 Nb4 11. Rc1 c6 12. a3 Nbd5 13. Nxd5 cxd5 14. Bd3 Qa5+
15. Ke2 Bxd3+ 16. Qxd3 Qb6 17. Rc2 Rfc8 18. Rhc1 Qe6 19. Bxf6 Bxf6 20. h3 Rxc2+
21. Rxc2 Rc8 22. Rxc8+ Qxc8 23. Qc3 Qxc3 24. bxc3 e6 25. Kd3 b5 26. Ne5 Be7 27.
Nc6 Bxa3 28. Nxa7 b4 29. Nb5 Kf8 30. Nxa3 bxa3 31. Kc2 a2 32. Kb2 a1=Q+ 33.
Kxa1 Ke7 34. Kb2 Kd7 35. Kb3 Kc6 36. c4 f6 37. Kb4 dxc4 38. Kxc4 {After this,
legibility drops to near zero. Eventually, however, the extra pawn wins out.}
1-0

[Event "Washington Open--Open Section"]
[Site "Lynnwood, WA"]
[Date "2017.05.28"]
[Round "3"]
[White "Helff  (WA), Florian"]
[Black "Zhang  (WA), Jason"]
[Result "1-0"]
[WhiteElo "1733"]
[BlackElo "1661"]
[PlyCount "107"]
[EventDate "2017.06.02"]
[SourceDate "2017.06.29"]
[SourceVersionDate "2017.06.29"]

1. d4 Nf6 2. c4 c5 3. d5 e6 4. Nc3 exd5 5. cxd5 d6 6. e4 g6 7. f4 Bg7 8. Bb5+
Nfd7 9. Nf3 a6 10. Be2 O-O 11. a4 Re8 12. Qc2 Qe7 13. Nd2 f5 14. Bf3 Bd4 15.
Kd1 Nf6 16. Re1 Bxc3 17. bxc3 fxe4 18. Nxe4 Kg7 19. Qd2 Bf5 20. Nxf6 Qxe1+ 21.
Qxe1 Rxe1+ 22. Kxe1 Kxf6 23. g4 Bd3 24. Kd2 Bc4 25. Ba3 Nd7 26. Re1 Nf8 27. a5
Rd8 28. h3 h6 29. h4 Rd7 30. Bg2 Re7 31. g5+ hxg5 32. fxg5+ Kf7 33. Rxe7+ Kxe7
34. Be4 Kf7 35. Kc2 Nd7 36. Bc1 b6 37. Bf4 bxa5 38. Bxd6 a4 39. Kb2 Bb3 40. Bc7
Kg7 41. Bf3 a5 42. Bg4 Nf8 43. d6 Kf7 44. d7 Nxd7 45. Bxd7 Ke7 46. Bg4 Be6 47.
Bxe6 Kxe6 48. Ka3 Kf5 49. Kxa4 Kg4 50. Kxa5 Kxh4 51. Bd8 Kg4 52. Kb5 Kf5 53.
Kxc5 Ke6 54. Kc6 1-0

[Event "Washington Open--Reserve Section"]
[Site "Lynnwood, WA"]
[Date "2017.05.28"]
[Round "3"]
[White "Patton  (WA), Lorenzo"]
[Black "Orr  (WA), Michael"]
[Result "0-1"]
[WhiteElo "1290"]
[BlackElo "1613"]
[PlyCount "100"]
[EventDate "2017.06.02"]
[SourceDate "2017.06.29"]
[SourceVersionDate "2017.06.29"]

1. e4 c5 2. Nc3 Nc6 3. g3 g6 4. Bg2 Bg7 5. Nf3 d6 6. d3 e6 7. O-O Nge7 8. Bd2
Rb8 9. Qc1 h6 10. a4 g5 11. Ne2 Ng6 12. Bc3 e5 13. Nd2 O-O 14. Nc4 Be6 15. Ne3
Nge7 16. Rb1 Nd4 17. Bxd4 cxd4 18. Nd5 Qd7 19. Nxe7+ Qxe7 20. Qd2 Rfc8 21. c3
Qd7 22. Ra1 d5 23. cxd4 dxe4 24. Bxe4 exd4 25. Rfc1 Rxc1+ 26. Qxc1 Rc8 27. Qd1
Bg4 28. f3 Be6 29. a5 f5 30. Qa4 Qxa4 31. Rxa4 fxe4 32. fxe4 Bh3 33. Nxd4 Rf8
34. Nf5 Bxf5 35. exf5 Rxf5 36. b3 Rf3 37. a6 b6 38. Rc4 Rxd3 39. Rc7 b5 40.
Rc8+ Kh7 41. Rc7 Kg6 42. Kg2 Bd4 43. Rd7 g4 44. Kf1 Rf3+ 45. Ke2 Bb6 46. Rd6+
Rf6 47. Rxf6+ Kxf6 48. Kf1 Ke5 49. Ke2 Ke4 50. Kf1 Kd3 0-1

[Event "Washington Open--Open Section"]
[Site "Lynnwood, WA"]
[Date "2017.05.28"]
[Round "3"]
[White "McCoy  (OR), Owen"]
[Black "Petrov  (WA), Oscar"]
[Result "0-1"]
[WhiteElo "2049"]
[BlackElo "1822"]
[PlyCount "113"]
[EventDate "2017.06.02"]
[SourceDate "2017.06.29"]
[SourceVersionDate "2017.06.29"]

1. e4 c5 2. Nc3 Nc6 3. g3 g6 4. Bg2 Bg7 5. d3 d6 6. Be3 e6 7. Qd2 b5 8. Nxb5
Rb8 9. c4 a6 10. Nc3 Qa5 11. Nge2 Ne5 12. O-O Ng4 13. Rab1 Nxe3 14. Qxe3 Ne7
15. f4 O-O 16. Kh1 Bb7 17. a3 Ba8 18. g4 Rfe8 19. g5 d5 20. Qc1 Rb3 21. Qc2
dxc4 22. dxc4 Reb8 23. Nc1 R3b6 24. N1a2 Nc6 25. e5 Nd4 26. Qf2 Bxg2+ 27. Kxg2
Rb3 28. Kg1 Qb6 29. Na4 Qc6 30. N4c3 Qb7 31. Qg2 Rxb2 32. Rxb2 Qxb2 33. Qxb2
Rxb2 34. Rf2 Rb3 35. Ne4 Nf3+ 36. Kg2 Nh4+ 37. Kf1 Rb1+ 38. Ke2 Rb2+ 39. Kd3
Rb8 40. Nxc5 Bf8 41. Ne4 Rb3+ 42. Nac3 Bxa3 43. Ra2 Nf3 44. c5 Kf8 45. Ke3 Bb2
46. Rxb2 Rxb2 47. Kxf3 Rxh2 48. Ke3 Rh3+ 49. Kd4 Rf3 50. Ne2 Ke7 51. c6 Kd8 52.
Kc5 Re3 53. N4c3 Kc7 54. Kd4 Rf3 55. Kc4 Rf2 56. Kc5 Rf3 57. Kb4 0-1